[Event "69th RUS-ch Women Higher League 2019"]
[Site "Yaroslavl"]
[Date "2019.07.05"]
[Round "8.23"]
[White "Schepetkova, Margarita"]
[Black "Loskutova, Viktoriya"]
[Result "0-1"]
[WhiteElo "2241"]
[BlackElo "2019"]
[Annotator "NA"]
[PlyCount "68"]
[EventDate "2019.06.27"]
[EventType "swiss"]
[EventCountry "RUS"]
[SourceTitle "playchess.com"]
[Source "ChessBase"]
[SourceQuality "1"]
[TimeControl "40/5400+30:1800+30"]

1. d4 {[%emt 0:00:09]} Nf6 {[%emt 0:00:00]} 2. c4 {[%emt 0:00:10]} e6 {[%emt 0:00:00]} 3. g3 {[%emt 0:00:02]} c5 {[%emt 0:00:00]} 4. d5 {[%emt 0:00:05]} exd5 {[%emt 0:00:00]} 5. cxd5 {[%emt 0:00:02]} d6 {[%emt 0:00:04]} 6. Bg2 {[%emt 0:00:15]} g6 {[%emt 0:00:06]} 7. Nc3 {[%emt 0:00:03]} Bg7 {[%emt 0:00:07]} 8. Nf3 {[%emt 0:00:04]} O-O {[%emt 0:00:07]} 9. O-O {[%emt 0:00:02]} Re8 {[%emt 0:00:08]} 10. Bf4 {[%emt 0:00:04]} Bf5 {[%emt 0:00:06]} 11. Nh4 {[%emt 0:01:31]} Bg4 {[%emt 0:00:12]} 12. Qd2 {[%emt 0:14:11]} b5 {[%emt 0:00:21]} 13. Rfe1 {[%emt 0:04:28]} Qb6 {[%emt 0:12:04]} 14. e4 {[%emt 0:09:32]} Bd7 {[%emt 0:18:23]} 15. e5 {[%emt 0:02:19]} dxe5 {[%emt 0:02:45]} 16. Bxe5 {[%emt 0:00:31]} Na6 {[%emt 0:05:49]} 17. d6 {[%emt 0:13:07]} Bc6 {[%emt 0:06:17]} 18. Bxf6 {[%emt 0:11:59]} Bxf6 {[%emt 0:00:01]} 19. d7 {[%emt 0:00:37]} Rxe1+ {[%emt 0:20:51]} 20. Rxe1 {[%emt 0:00:09]} Rd8 {[%emt 0:00:09]} 21. Bxc6 {[%emt 0:01:57]} Qxc6 {[%emt 0:00:14]} 22. Nd5 {[%emt 0:01:21]} Nc7 {[%emt 0:02:06]} 23. Nxc7 {[%emt 0:03:37]} Rxd7 {[%emt 0:04:10]} 24. Re8+ {[%emt 0:09:21]} Kg7 {[%emt 0:00:01]} 25. Qe2 {[%emt 0:00:01]} Rxc7 {[%emt 0:01:24]} 26. Nf3 {[%emt 0:00:07]} Rd7 {[%emt 0:01:51]} 27. h4 {[%emt 0:00:46]} c4 {[%emt 0:05:10]} 28. h5 {[%emt 0:06:06]} Qd5 {[%emt 0:05:05]} 29. h6+ {[%emt 0:06:46]} Kxh6 {[%emt 0:00:10]} 30. Qe3+ {[%emt 0:00:03]} Kg7 {[%emt 0:00:29]} 31. Qa3 {[%emt 0:01:39]} Qd6 {[%emt 0:02:04]} 32. Qa5 {[%emt 0:00:02]} Qc6 {[%emt 0:01:14]} 33. Qb4 {[%emt 0:00:19]} Rd1+ {[%emt 0:00:08]} 34. Re1 {[%emt 0:00:08]} Qxf3 {[%emt 0:00:06]} 0-1

[Event "69th RUS-ch Women Higher League 2019"]
[Site "Yaroslavl"]
[Date "2019.07.05"]
[Round "8.24"]
[White "Dzutseva, Lana"]
[Black "Faizutdinova, Diana"]
[Result "0-1"]
[WhiteElo "1325"]
[BlackElo "2061"]
[Annotator "NA"]
[PlyCount "74"]
[EventDate "2019.06.27"]
[EventType "swiss"]
[EventCountry "RUS"]
[SourceTitle "playchess.com"]
[Source "ChessBase"]
[SourceQuality "1"]
[TimeControl "40/5400+30:1800+30"]

1. d4 {[%emt 0:00:00]} Nf6 {[%emt 0:00:00]} 2. c4 {[%emt 0:00:00]} d6 {[%emt 0:00:00]} 3. Nf3 {[%emt 0:00:00]} g6 {[%emt 0:00:00]} 4. Nc3 {[%emt 0:00:00]} Bf5 {[%emt 0:00:00]} 5. Nd2 {[%emt 0:10:39]} e5 {[%emt 0:01:09]} 6. dxe5 {[%emt 0:01:05]} dxe5 {[%emt 0:00:14]} 7. e4 {[%emt 0:00:13]} Bd7 {[%emt 0:10:24]} 8. Nf3 {[%emt 0:17:08]} Nc6 {[%emt 0:02:00]} 9. Bg5 {[%emt 0:00:41]} Bg7 {[%emt 0:05:10]} 10. Nd5 {[%emt 0:05:17]} h6 {[%emt 0:01:20]} 11. Nxf6+ {[%emt 0:01:58]} Bxf6 {[%emt 0:00:07]} 12. Bxf6 {[%emt 0:00:38]} Qxf6 {[%emt 0:00:04]} 13. Be2 {[%emt 0:19:17]} Rd8 {[%emt 0:04:47]} 14. O-O {[%emt 0:00:48]} O-O {[%emt 0:03:43]} 15. Qd2 {[%emt 0:13:54]} Kg7 {[%emt 0:10:12]} 16. Ne1 {[%emt 0:02:03]} Nd4 {[%emt 0:12:04]} 17. Nd3 {[%emt 0:01:04]} Be6 {[%emt 0:13:17]} 18. Rac1 {[%emt 0:02:30]} Qg5 {[%emt 0:02:20]} 19. f4 {[%emt 0:03:32]} exf4 {[%emt 0:00:05]} 20. Kh1 {[%emt 0:01:53]} f3 {[%emt 0:05:59]} 21. Qxg5 {[%emt 0:00:38]} hxg5 {[%emt 0:00:05]} 22. Bxf3 {[%emt 0:00:41]} g4 {[%emt 0:02:15]} 23. Bd1 {[%emt 0:01:12]} Rh8 {[%emt 0:00:08]} 24. Nc5 {[%emt 0:04:23]} Bc8 {[%emt 0:00:17]} 25. Rc3 {[%emt 0:01:44]} Rh6 {[%emt 0:02:39]} 26. g3 {[%emt 0:03:16]} Nc6 {[%emt 0:02:28]} 27. Nd3 {[%emt 0:03:03]} Re8 {[%emt 0:01:53]} 28. Re1 {[%emt 0:04:19]} Nd4 {[%emt 0:03:24]} 29. Rf1 {[%emt 0:02:01]} b6 {[%emt 0:00:57]} 30. Nf2 {[%emt 0:00:08]} Reh8 {[%emt 0:00:33]} 31. Nxg4 {[%emt 0:00:34]} Bxg4 {[%emt 0:00:05]} 32. Bxg4 {[%emt 0:00:04]} Rxh2+ {[%emt 0:00:04]} 33. Kg1 {[%emt 0:00:03]} Rh1+ {[%emt 0:00:20]} 34. Kf2 {[%emt 0:00:05]} R8h2+ {[%emt 0:00:05]} 35. Ke1 {[%emt 0:00:35]} Nc2+ {[%emt 0:00:11]} 36. Rxc2 {[%emt 0:00:17]} Rxf1+ {[%emt 0:00:05]} 37. Kxf1 {[%emt 0:00:03]} Rxc2 {[%emt 0:00:04]} 0-1

[Event "69th RUS-ch Women Higher League 2019"]
[Site "Yaroslavl"]
[Date "2019.07.06"]
[Round "9.2"]
[White "Shafigullina, Zarina"]
[Black "Potapova, Margarita"]
[Result "0-1"]
[WhiteElo "2240"]
[BlackElo "2256"]
[Annotator "NA"]
[PlyCount "100"]
[EventDate "2019.06.27"]
[EventType "swiss"]
[EventCountry "RUS"]
[SourceTitle "playchess.com"]
[Source "ChessBase"]
[SourceQuality "1"]
[TimeControl "40/5400+30:1800+30"]

1. d4 {[%emt 0:00:00]} Nf6 {[%emt 0:00:00]} 2. c4 {[%emt 0:00:00]} e6 {[%emt 0:00:00]} 3. g3 {[%emt 0:00:00]} c5 {[%emt 0:00:00]} 4. Nf3 {[%emt 0:01:08]} cxd4 {[%emt 0:00:06]} 5. Nxd4 {[%emt 0:00:05]} d5 {[%emt 0:00:06]} 6. Bg2 {[%emt 0:03:47]} e5 {[%emt 0:00:08]} 7. Nf3 {[%emt 0:00:14]} d4 {[%emt 0:00:05]} 8. O-O {[%emt 0:00:06]} Nc6 {[%emt 0:00:11]} 9. e3 {[%emt 0:00:05]} Be7 {[%emt 0:00:04]} 10. exd4 {[%emt 0:00:16]} exd4 {[%emt 0:00:04]} 11. Bf4 {[%emt 0:03:15]} O-O {[%emt 0:00:09]} 12. Ne5 {[%emt 0:04:03]} Qb6 {[%emt 0:00:05]} 13. Qb3 {[%emt 0:05:24]} Na5 {[%emt 0:00:20]} 14. Qxb6 {[%emt 0:02:09]} axb6 {[%emt 0:00:03]} 15. Nd2 {[%emt 0:01:05]} Nh5 {[%emt 0:01:47]} 16. Nb3 {[%emt 0:03:16]} Bf6 {[%emt 0:08:27]} 17. Nxa5 {[%emt 0:05:25]} Nxf4 {[%emt 0:05:24]} 18. gxf4 {[%emt 0:00:05]} Rxa5 {[%emt 0:00:14]} 19. Bd5 {[%emt 0:02:12]} g5 {[%emt 0:03:25]} 20. Rfe1 {[%emt 0:02:44]} gxf4 {[%emt 0:02:47]} 21. b4 {[%emt 0:09:14]} Ra8 {[%emt 0:25:17]} 22. Kh1 {[%emt 0:03:57]} Bf5 {[%emt 0:01:59]} 23. Rg1+ {[%emt 0:15:50]} Kh8 {[%emt 0:02:21]} 24. Rae1 {[%emt 0:00:12]} d3 {[%emt 0:06:47]} 25. Nxf7+ {[%emt 0:05:07]} Rxf7 {[%emt 0:00:04]} 26. Bxf7 {[%emt 0:00:05]} d2 {[%emt 0:01:52]} 27. Re2 {[%emt 0:01:50]} Bc3 {[%emt 0:04:46]} 28. f3 {[%emt 0:18:08]} Rd8 {[%emt 0:03:24]} 29. Bd5 {[%emt 0:00:06]} b5 {[%emt 0:03:38]} 30. Reg2 {[%emt 0:09:42]} Bg6 {[%emt 0:04:21]} 31. Rd1 {[%emt 0:01:19]} bxc4 {[%emt 0:00:34]} 32. Bxc4 {[%emt 0:01:24]} Bc2 {[%emt 0:00:35]} 33. Bb3 {[%emt 0:00:25]} Bxd1 {[%emt 0:01:06]} 34. Bxd1 {[%emt 0:00:10]} Bxb4 {[%emt 0:00:46]} 35. Kg1 {[%emt 0:02:44]} Ra8 {[%emt 0:04:06]} 36. Kf1 {[%emt 0:01:19]} Rxa2 {[%emt 0:00:28]} 37. Rg5 {[%emt 0:00:33]} Ra5 {[%emt 0:12:21]} 38. Rg4 {[%emt 0:00:29]} Re5 {[%emt 0:01:19]} 39. Bb3 {[%emt 0:00:02]} d1=Q+ {[%emt 0:00:31]} 40. Bxd1 {[%emt 0:00:00]} Re1+ {[%emt 0:00:00]} 41. Kg2 {[%emt 0:00:11]} Rxd1 {[%emt 0:00:09]} 42. Rxf4 {[%emt 0:00:06]} Bd6 {[%emt 0:00:20]} 43. Rf7 {[%emt 0:00:27]} b5 {[%emt 0:00:29]} 44. Rb7 {[%emt 0:00:16]} b4 {[%emt 0:00:06]} 45. f4 {[%emt 0:00:13]} Rb1 {[%emt 0:02:51]} 46. f5 {[%emt 0:00:10]} Be5 {[%emt 0:01:10]} 47. h4 {[%emt 0:01:00]} h5 {[%emt 0:01:25]} 48. Kf3 {[%emt 0:01:03]} b3 {[%emt 0:00:04]} 49. Rb5 {[%emt 0:00:16]} b2 {[%emt 0:00:13]} 50. Ke2 {[%emt 0:00:05]} Rh1 {[%emt 0:00:16]} 0-1

[Event "69th RUS-ch Women Higher League 2019"]
[Site "Yaroslavl"]
[Date "2019.07.06"]
[Round "9.3"]
[White "Charochkina, Daria"]
[Black "Garifullina, Leya"]
[Result "1-0"]
[WhiteElo "2338"]
[BlackElo "2246"]
[Annotator "NA"]
[PlyCount "133"]
[EventDate "2019.06.27"]
[EventType "swiss"]
[EventCountry "RUS"]
[SourceTitle "playchess.com"]
[Source "ChessBase"]
[SourceQuality "1"]
[TimeControl "40/5400+30:1800+30"]

1. b3 {[%emt 0:00:00]} Nf6 {[%emt 0:00:00]} 2. Bb2 {[%emt 0:00:00]} e6 {[%emt 0:00:00]} 3. e3 {[%emt 0:00:54]} b6 {[%emt 0:00:03]} 4. Nf3 {[%emt 0:00:12]} Bb7 {[%emt 0:00:05]} 5. d4 {[%emt 0:00:06]} Be7 {[%emt 0:00:24]} 6. Bd3 {[%emt 0:00:11]} O-O {[%emt 0:00:23]} 7. O-O {[%emt 0:00:10]} d5 {[%emt 0:00:03]} 8. c4 {[%emt 0:00:16]} dxc4 {[%emt 0:00:59]} 9. Bxc4 {[%emt 0:01:26]} Nbd7 {[%emt 0:00:13]} 10. Qe2 {[%emt 0:01:21]} c5 {[%emt 0:00:54]} 11. Rd1 {[%emt 0:02:15]} Qc7 {[%emt 0:01:35]} 12. Nc3 {[%emt 0:02:48]} a6 {[%emt 0:01:02]} 13. Rac1 {[%emt 0:13:50]} b5 {[%emt 0:01:57]} 14. Bd3 {[%emt 0:00:07]} Qb6 {[%emt 0:01:34]} 15. Bb1 {[%emt 0:00:38]} cxd4 {[%emt 0:06:32]} 16. Rxd4 {[%emt 0:09:11]} Rfd8 {[%emt 0:03:19]} 17. Rcd1 {[%emt 0:04:47]} Nf8 {[%emt 0:08:10]} 18. h3 {[%emt 0:09:25]} Rxd4 {[%emt 0:03:47]} 19. Rxd4 {[%emt 0:00:39]} Ng6 {[%emt 0:03:20]} 20. Ne4 {[%emt 0:06:12]} Nd5 {[%emt 0:05:20]} 21. Rd1 {[%emt 0:00:29]} Rc8 {[%emt 0:01:01]} 22. Bd4 {[%emt 0:08:09]} Qc6 {[%emt 0:02:04]} 23. Bb2 {[%emt 0:01:12]} Qc7 {[%emt 0:06:59]} 24. Qd3 {[%emt 0:09:41]} Rd8 {[%emt 0:01:58]} 25. Rc1 {[%emt 0:00:19]} Qb8 {[%emt 0:01:46]} 26. Qe2 {[%emt 0:00:32]} Qa8 {[%emt 0:02:14]} 27. Nc5 {[%emt 0:00:40]} Bc6 {[%emt 0:03:42]} 28. Ne5 {[%emt 0:02:11]} Be8 {[%emt 0:02:05]} 29. Nxg6 {[%emt 0:00:34]} hxg6 {[%emt 0:00:08]} 30. Nd3 {[%emt 0:02:45]} Rc8 {[%emt 0:02:29]} 31. Qd2 {[%emt 0:01:43]} Rxc1+ {[%emt 0:00:34]} 32. Qxc1 {[%emt 0:00:25]} Bf6 {[%emt 0:00:40]} 33. Bxf6 {[%emt 0:04:40]} Nxf6 {[%emt 0:01:59]} 34. Qc5 {[%emt 0:00:43]} Qd5 {[%emt 0:04:43]} 35. b4 {[%emt 0:03:09]} Qd8 {[%emt 0:02:14]} 36. f3 {[%emt 0:01:42]} a5 {[%emt 0:00:27]} 37. bxa5 {[%emt 0:01:01]} Qxa5 {[%emt 0:00:09]} 38. Qb4 {[%emt 0:00:28]} Qa7 {[%emt 0:00:25]} 39. Qd4 {[%emt 0:04:07]} Qxd4 {[%emt 0:02:59]} 40. exd4 {[%emt 0:00:00]} Nd5 {[%emt 0:00:00]} 41. Bc2 {[%emt 0:02:08]} Nc3 {[%emt 0:00:15]} 42. Nc1 {[%emt 0:00:03]} b4 {[%emt 0:02:34]} 43. Kf2 {[%emt 0:00:30]} Bb5 {[%emt 0:00:53]} 44. h4 {[%emt 0:04:56]} Kf8 {[%emt 0:00:14]} 45. g3 {[%emt 0:01:54]} Ke7 {[%emt 0:00:05]} 46. Ke3 {[%emt 0:00:14]} Kd6 {[%emt 0:00:38]} 47. Bb3 {[%emt 0:03:04]} Nd5+ {[%emt 0:02:13]} 48. Kd2 {[%emt 0:00:07]} Ne7 {[%emt 0:00:53]} 49. g4 {[%emt 0:01:45]} Bc6 {[%emt 0:01:48]} 50. Nd3 {[%emt 0:01:57]} f6 {[%emt 0:01:30]} 51. Ke3 {[%emt 0:02:51]} Ba8 {[%emt 0:08:59]} 52. Nxb4 {[%emt 0:00:20]} e5 {[%emt 0:00:40]} 53. dxe5+ {[%emt 0:00:22]} Kxe5 {[%emt 0:00:18]} 54. Nd3+ {[%emt 0:02:18]} Kd6 {[%emt 0:00:07]} 55. Bf7 {[%emt 0:02:48]} f5 {[%emt 0:06:30]} 56. g5 {[%emt 0:04:57]} f4+ {[%emt 0:00:52]} 57. Kxf4 {[%emt 0:00:12]} Bb7 {[%emt 0:00:34]} 58. a3 {[%emt 0:02:17]} Nf5 {[%emt 0:02:11]} 59. h5 {[%emt 0:01:16]} gxh5 {[%emt 0:01:26]} 60. Kxf5 {[%emt 0:00:47]} Bxf3 {[%emt 0:00:05]} 61. Kf4 {[%emt 0:02:26]} Be2 {[%emt 0:00:21]} 62. Ke3 {[%emt 0:01:44]} Bg4 {[%emt 0:00:49]} 63. Nf2 {[%emt 0:00:26]} Bc8 {[%emt 0:00:04]} 64. Bxh5 {[%emt 0:00:17]} Ke5 {[%emt 0:00:23]} 65. Bg4 {[%emt 0:01:00]} Ba6 {[%emt 0:00:16]} 66. Nd3+ {[%emt 0:00:40]} Kd6 {[%emt 0:00:12]} 67. Ke4 {Kd5+} 1-0

[Event "69th RUS-ch Women Higher League 2019"]
[Site "Yaroslavl"]
[Date "2019.07.06"]
[Round "9.4"]
[White "Bodnaruk, Anastasia"]
[Black "Shuvalova, Polina"]
[Result "1/2-1/2"]
[WhiteElo "2440"]
[BlackElo "2418"]
[Annotator "NA"]
[PlyCount "194"]
[EventDate "2019.06.27"]
[EventType "swiss"]
[EventCountry "RUS"]
[SourceTitle "playchess.com"]
[Source "ChessBase"]
[SourceQuality "1"]
[TimeControl "40/5400+30:1800+30"]

1. e4 {[%emt 0:00:00]} e5 {[%emt 0:00:00]} 2. Nf3 {[%emt 0:00:00]} Nc6 {[%emt 0:00:00]} 3. Bb5 {[%emt 0:00:00]} a6 {[%emt 0:00:00]} 4. Ba4 {[%emt 0:00:00]} Nf6 {[%emt 0:00:00]} 5. O-O {[%emt 0:00:00]} Be7 {[%emt 0:00:00]} 6. Re1 {[%emt 0:00:27]} b5 {[%emt 0:00:00]} 7. Bb3 {[%emt 0:00:03]} O-O {[%emt 0:00:05]} 8. a4 {[%emt 0:09:28]} b4 {[%emt 0:00:06]} 9. d4 {[%emt 0:05:32]} d6 {[%emt 0:01:46]} 10. dxe5 {[%emt 0:00:45]} dxe5 {[%emt 0:04:29]} 11. Qe2 {[%emt 0:01:30]} Bg4 {[%emt 0:05:38]} 12. c3 {[%emt 0:04:01]} Qc8 {[%emt 0:08:26]} 13. a5 {[%emt 0:09:49]} h6 {[%emt 0:04:28]} 14. Nbd2 {[%emt 0:04:08]} Be6 {[%emt 0:01:42]} 15. Ba4 {[%emt 0:17:33]} Nxa5 {[%emt 0:00:33]} 16. Nxe5 {[%emt 0:00:12]} c5 {[%emt 0:00:43]} 17. Ndc4 {[%emt 0:03:36]} Nxc4 {[%emt 0:04:39]} 18. Nxc4 {[%emt 0:00:04]} Qc7 {[%emt 0:02:20]} 19. g3 {[%emt 0:03:06]} a5 {[%emt 0:00:34]} 20. Bf4 {[%emt 0:01:23]} Qb7 {[%emt 0:01:41]} 21. Bc2 {[%emt 0:11:45]} b3 {[%emt 0:26:32]} 22. Bd3 {[%emt 0:00:30]} a4 {[%emt 0:00:45]} 23. e5 {[%emt 0:02:19]} Nd7 {[%emt 0:00:57]} 24. Qh5 {[%emt 0:08:41]} Rfd8 {[%emt 0:03:33]} 25. Rad1 {[%emt 0:10:19]} a3 {[%emt 0:05:22]} 26. Nxa3 {[%emt 0:03:09]} Ra4 {[%emt 0:02:30]} 27. c4 {[%emt 0:00:59]} Nf8 {[%emt 0:00:53]} 28. Qe2 {[%emt 0:01:44]} Rd4 {[%emt 0:01:44]} 29. Be4 {[%emt 0:01:36]} Qa6 {[%emt 0:03:12]} 30. Bc1 {[%emt 0:00:17]} Nd7 {[%emt 0:05:10]} 31. f4 {[%emt 0:00:17]} g6 {[%emt 0:02:33]} 32. Bd3 {[%emt 0:00:29]} h5 {[%emt 0:01:26]} 33. f5 {[%emt 0:00:30]} Bxf5 {[%emt 0:03:05]} 34. Bxf5 {[%emt 0:00:03]} gxf5 {[%emt 0:00:07]} 35. Qxh5 {[%emt 0:00:32]} Qe6 {[%emt 0:00:29]} 36. Bf4 {[%emt 0:01:16]} Nb6 {[%emt 0:00:12]} 37. Qf3 {[%emt 0:01:05]} Nxc4 {[%emt 0:00:23]} 38. Qxb3 {[%emt 0:01:16]} Rb4 {[%emt 0:03:47]} 39. Qf3 {[%emt 0:00:24]} Nxb2 {[%emt 0:02:57]} 40. Rxd4 {[%emt 0:00:00]} cxd4 {[%emt 0:00:00]} 41. Nb1 {[%emt 0:09:13]} Nc4 {[%emt 0:07:24]} 42. Nd2 {[%emt 0:01:37]} Nxd2 {[%emt 0:04:24]} 43. Bxd2 {[%emt 0:00:01]} Rb2 {[%emt 0:00:23]} 44. Bc1 {[%emt 0:11:22]} Rc2 {[%emt 0:00:36]} 45. Bf4 {[%emt 0:01:27]} Bc5 {[%emt 0:05:31]} 46. Rd1 {[%emt 0:03:48]} d3+ {[%emt 0:03:57]} 47. Kh1 {[%emt 0:04:29]} Qa2 {[%emt 0:08:14]} 48. g4 {[%emt 0:00:01]} Rf2 {[%emt 0:03:37]} 49. Qxd3 {[%emt 0:00:04]} Qa8+ {[%emt 0:00:27]} 50. Qd5 {[%emt 0:00:03]} Rf1+ {[%emt 0:00:06]} 51. Kg2 {[%emt 0:00:08]} Rg1+ {[%emt 0:00:04]} 52. Kh3 {[%emt 0:01:40]} fxg4+ {[%emt 0:00:19]} 53. Kh4 {[%emt 0:00:01]} Be7+ {[%emt 0:02:46]} 54. Bg5 {[%emt 0:03:44]} Qa3 {[%emt 0:00:53]} 55. Rd3 {[%emt 0:00:31]} Bxg5+ {[%emt 0:01:34]} 56. Kxg5 {[%emt 0:00:02]} Qc1+ {[%emt 0:00:30]} 57. Kh5 {[%emt 0:00:23]} Qf4 {[%emt 0:00:27]} 58. Qd8+ {[%emt 0:01:02]} Kh7 {[%emt 0:00:04]} 59. Qf6 {[%emt 0:00:16]} Qxf6 {[%emt 0:03:31]} 60. exf6 {[%emt 0:00:02]} Ra1 {[%emt 0:01:32]} 61. Rd5 {[%emt 0:01:12]} Ra4 {[%emt 0:00:17]} 62. Rg5 {[%emt 0:00:25]} Kh8 {[%emt 0:00:49]} 63. Rg7 {[%emt 0:00:22]} g3 {[%emt 0:00:37]} 64. Rxg3 {[%emt 0:00:20]} Rf4 {[%emt 0:00:22]} 65. Kg5 {[%emt 0:00:17]} Rf1 {[%emt 0:00:02]} 66. Rg4 {[%emt 0:01:02]} Rf2 {[%emt 0:00:06]} 67. h4 {[%emt 0:00:32]} Kh7 {[%emt 0:00:11]} 68. Rf4 {[%emt 0:00:31]} Ra2 {[%emt 0:00:03]} 69. Rf5 {[%emt 0:00:32]} Ra1 {[%emt 0:00:32]} 70. h5 {[%emt 0:00:28]} Rg1+ {[%emt 0:00:50]} 71. Kf4 {[%emt 0:00:04]} Kh6 {[%emt 0:01:10]} 72. Ke4 {[%emt 0:00:56]} Rh1 {[%emt 0:00:36]} 73. Rd5 {[%emt 0:00:32]} Rh4+ {[%emt 0:00:21]} 74. Kf3 {[%emt 0:00:18]} Rxh5 {[%emt 0:00:08]} 75. Rxh5+ {[%emt 0:00:41]} Kxh5 {[%emt 0:00:06]} 76. Kf4 {[%emt 0:00:03]} Kg6 {[%emt 0:00:04]} 77. Ke5 {[%emt 0:00:11]} Kg5 {[%emt 0:00:04]} 78. Ke4 {[%emt 0:00:05]} Kg4 {[%emt 0:00:40]} 79. Ke5 {[%emt 0:00:05]} Kg5 {[%emt 0:00:12]} 80. Ke4 {[%emt 0:00:01]} Kxf6 {[%emt 0:00:12]} 81. Kf4 {[%emt 0:00:02]} Ke6 {[%emt 0:00:09]} 82. Ke4 {[%emt 0:00:04]} f6 {[%emt 0:00:05]} 83. Kf4 {[%emt 0:00:06]} f5 {[%emt 0:00:02]} 84. Kf3 {[%emt 0:00:22]} Kf6 {[%emt 0:00:03]} 85. Kf4 {[%emt 0:00:04]} Kg6 {[%emt 0:00:03]} 86. Kf3 {[%emt 0:00:07]} Kg5 {[%emt 0:00:02]} 87. Kg3 {[%emt 0:00:04]} f4+ {[%emt 0:00:03]} 88. Kf3 {[%emt 0:00:02]} Kf5 {[%emt 0:00:03]} 89. Kf2 {[%emt 0:00:11]} Ke4 {[%emt 0:00:03]} 90. Ke2 {[%emt 0:00:04]} f3+ {[%emt 0:00:03]} 91. Kf2 {[%emt 0:00:12]} Kf4 {[%emt 0:00:02]} 92. Kf1 {[%emt 0:00:35]} Ke3 {[%emt 0:00:05]} 93. Ke1 {[%emt 0:00:03]} Kd3 {[%emt 0:00:03]} 94. Kf2 {[%emt 0:00:05]} Ke4 {[%emt 0:00:02]} 95. Kf1 {[%emt 0:00:09]} Ke3 {[%emt 0:00:03]} 96. Ke1 {[%emt 0:00:03]} f2+ {[%emt 0:00:03]} 97. Kf1 {[%emt 0:00:01]} Kf3 {[%emt 0:00:04]} 1/2-1/2

[Event "69th RUS-ch Women Higher League 2019"]
[Site "Yaroslavl"]
[Date "2019.07.06"]
[Round "9.5"]
[White "Kovalevskaya, Ekaterina"]
[Black "Gritsayeva, Oksana"]
[Result "1/2-1/2"]
[WhiteElo "2413"]
[BlackElo "2381"]
[Annotator "NA"]
[PlyCount "83"]
[EventDate "2019.06.27"]
[EventType "swiss"]
[EventCountry "RUS"]
[SourceTitle "playchess.com"]
[Source "ChessBase"]
[SourceQuality "1"]
[TimeControl "40/5400+30:1800+30"]

1. Nf3 {[%emt 0:00:00]} Nf6 {[%emt 0:00:00]} 2. g3 {[%emt 0:02:14]} b6 {[%emt 0:01:04]} 3. Bg2 {[%emt 0:00:07]} Bb7 {[%emt 0:00:05]} 4. O-O {[%emt 0:00:09]} e6 {[%emt 0:00:12]} 5. c4 {[%emt 0:00:27]} g6 {[%emt 0:00:28]} 6. Nc3 {[%emt 0:05:26]} Bg7 {[%emt 0:00:07]} 7. d4 {[%emt 0:01:54]} Ne4 {[%emt 0:00:22]} 8. Nxe4 {[%emt 0:11:53]} Bxe4 {[%emt 0:00:06]} 9. Be3 {[%emt 0:00:36]} O-O {[%emt 0:03:36]} 10. Qd2 {[%emt 0:00:31]} d6 {[%emt 0:11:26]} 11. Bh6 {[%emt 0:08:21]} Nd7 {[%emt 0:01:16]} 12. Bxg7 {[%emt 0:03:58]} Kxg7 {[%emt 0:00:04]} 13. Ne1 {[%emt 0:01:07]} Bxg2 {[%emt 0:00:42]} 14. Nxg2 {[%emt 0:00:03]} Qe7 {[%emt 0:02:05]} 15. e4 {[%emt 0:06:11]} e5 {[%emt 0:10:55]} 16. Rad1 {[%emt 0:23:58]} exd4 {[%emt 0:02:15]} 17. Qxd4+ {[%emt 0:00:06]} Qe5 {[%emt 0:00:21]} 18. Qxe5+ {[%emt 0:04:57]} Nxe5 {[%emt 0:00:05]} 19. Ne3 {[%emt 0:00:38]} Rae8 {[%emt 0:08:35]} 20. b3 {[%emt 0:05:50]} Nf3+ {[%emt 0:03:48]} 21. Kg2 {[%emt 0:00:10]} Ng5 {[%emt 0:00:14]} 22. Nd5 {[%emt 0:04:47]} c6 {[%emt 0:10:17]} 23. Nc3 {[%emt 0:01:42]} Nxe4 {[%emt 0:01:05]} 24. Nxe4 {[%emt 0:00:05]} Rxe4 {[%emt 0:00:02]} 25. Rxd6 {[%emt 0:00:06]} Re2 {[%emt 0:00:41]} 26. Rfd1 {[%emt 0:04:53]} Rxa2 {[%emt 0:03:15]} 27. Rxc6 {[%emt 0:00:06]} Re8 {[%emt 0:01:53]} 28. Rd3 {[%emt 0:00:12]} Re7 {[%emt 0:00:32]} 29. Rcd6 {[%emt 0:03:55]} Rb2 {[%emt 0:00:36]} 30. Rf3 {[%emt 0:00:50]} h5 {[%emt 0:03:36]} 31. h3 {[%emt 0:02:39]} f5 {[%emt 0:02:57]} 32. g4 {[%emt 0:05:17]} hxg4 {[%emt 0:03:56]} 33. hxg4 {[%emt 0:00:01]} Rf7 {[%emt 0:00:09]} 34. gxf5 {[%emt 0:01:17]} Rxf5 {[%emt 0:00:42]} 35. Rd7+ {[%emt 0:00:38]} Kf6 {[%emt 0:00:05]} 36. Rxa7 {[%emt 0:00:07]} Rxf3 {[%emt 0:00:34]} 37. Kxf3 {[%emt 0:00:02]} Rxb3+ {[%emt 0:00:12]} 38. Ke4 {[%emt 0:00:29]} Rb2 {[%emt 0:07:19]} 39. f4 {[%emt 0:01:51]} Re2+ {[%emt 0:04:18]} 40. Kd5 {[%emt 0:00:00]} Rd2+ {[%emt 0:00:00]} 41. Ke4 {[%emt 0:10:15]} Re2+ {[%emt 0:02:30]} 42. Kd5 {[%emt 0:04:11] Ke5+ Ke4+} 1/2-1/2